Black Butler - Statistics

General Stats
  • This quiz has been taken 599 times
  • The average score is 11 of 15
Answer Stats
Hint Answer % Correct
Head of Phantomhive manor Ciel
100%
One hell of a butler Sebastian
98%
Red wearing Grim Reaper Grell
85%
Guy that loves the dead Undertaker
84%
Head of the Trancy Manor Alois
81%
Super strong Gardener Finny
80%
Butler of the Trancy Manor Claude
76%
Clumbsy maid Mey-Rin
70%
Flame happy cook Bard
69%
Head Grim Reaper William
68%
Chinese guy Lau
67%
Phatomhive's Aunt Madam Red
65%
Prinse's Butler Agni
56%
Spoiled prince Prince Soma
45%
Phantomhives Future Wife Lizzie
34%
No matching quizzes found
Score Distribution
Percent of People with Each Score
Percentile by Number Answered
Your Score History
You have not taken this quiz